| LEADER | 01870nam a2200433 a 4500 | ||
|---|---|---|---|
| 001 | GR-MES727 | ||
| 008 | 991111s1993 gr 000 0 gre d | ||
| 020 | |a 9607306481 | ||
| 040 | |a GrPaTEI |b gre |c GR-PaULI | ||
| 245 | 0 | 0 | |a Ψυχανθή για καρπό και σανό. |
| 260 | |a Αθήνα : |b Σταμούλης Α, |c 1993 | ||
| 300 | |a 480 σελ., εικ. | ||
| 500 | |a περιλαμβάνει βιβλιογραφικές αναφορές | ||
| 650 | 4 | |a Αραχίδα | |
| 650 | 4 | |a Βίγνα | |
| 650 | 4 | |a Βίκος | |
| 650 | 4 | |a Καρπός | |
| 650 | 4 | |a Κουκιά | |
| 650 | 4 | |a Λαθούρια | |
| 650 | 4 | |a Λοτός | |
| 650 | 4 | |a Λουπίνα | |
| 650 | 4 | |a Μελιλωτός | |
| 650 | 4 | |a Μπιζέλια | |
| 650 | 4 | |a Ονοβρυχιδα | |
| 650 | 4 | |a Ρεβύθια | |
| 650 | 4 | |a Ρόβη | |
| 650 | 4 | |a Σανό | |
| 650 | 4 | |a Σόγια | |
| 650 | 4 | |a ΦΑΚΗ | |
| 650 | 4 | |a Φασόλια | |
| 650 | 4 | |a Ψυχανθή | |
| 700 | 1 | |a Δαλιάνης, Κωνσταντίνος Δ. | |
| 710 | 0 | |a Σταμούλης Α.Ε. | |
| 942 | |2 ddc | ||
| 952 | |0 0 |1 0 |2 ddc |4 0 |6 633_300000000000000_ΔΑΛ |7 0 |9 264217 |a MSLG |b MSLG |c BSC |d 2021-01-17 |e 24 |f 0 |g 0.00 |l 0 |o 633.3 ΔΑΛ |p 2420000005785 |r 2021-01-17 00:00:00 |t 1 |v 2021.00 |w 2021-01-17 |y BK15 |x Μεταφορά από Αμαλιάδα (18/10/22) |x GrPaTEI | ||
| 952 | |0 0 |1 0 |2 ddc |4 0 |6 633_300000000000000_ΔΑΛ |7 0 |9 264218 |a MSLG |b MSLG |c BSC |d 2021-01-17 |e 24 |f 0 |g 0.00 |l 0 |o 633.3 ΔΑΛ |p 2420000017792 |r 2021-01-17 00:00:00 |t 1 |v 2021.00 |w 2021-01-17 |y BK15 |x Μεταφορά από Αμαλιάδα (18/10/22) |x GrPaTEI | ||
| 952 | |0 0 |1 0 |2 ddc |4 0 |6 633_300000000000000_ΔΑΛ |7 0 |9 264219 |a MSLG |b MSLG |c BSC |d 2021-01-17 |e 24 |f 0 |g 0.00 |l 0 |o 633.3 ΔΑΛ |p 2420000004407 |r 2021-01-17 00:00:00 |t 1 |w 2021-01-17 |y BK15 |x 19991111 0 1 |x GrPaTEI | ||
| 971 | |a .b25717686 |b 16-04-20 |c 13-09-16 | ||
| 999 | |c 152043 |d 152043 | ||